00514nam a22001817a 4500003000500000005001700005008004100022010001000063011001000073035001000083040000900093082001500102110005900117245006300176260004200239300001100281650004000292CHAP20220329134731.0971013s1967 r 00010 d a25000 a25972 a30072 cCHAP a368.4bC67 aComité Permanente Interamericano de Seguridad Social aManual interamericano de instrucciones de seguridad social aMéxico, D. F. :bEl Comité,c1967 a324 p.14aSeguridad socialxAmérica Latina.